000 00977nam a2200193 i 4500
001 184602
003 ES-MaACL
005 20250815025707.0
008 151027s1899 sp |||| | spa d
100 1 _aFernández de Villalobos, Gabriel
_cMarqués de Varinas.
_9158022
245 1 0 _aVaticinios de la pérdida de las Indias /
_cGabriel Fernández de Villalobos.
260 _aMadrid :
_b[s.n.],
_c1899 (
_fSucesores de Rivadeneyra)
300 _a402 p. ;
_c23 cm.
490 1 _aColección de documentos inéditos relativos al descubrimiento, conquista y organización de las antiguas posesiones españolas de ultramar. Segunda serie / publicada por la Real Academia de la Historia ;
_v12
710 2 _aReal Academia de la Historia (España)
_96309
830 0 0 _aColección de documentos inéditos relativos al descubrimiento, conquista y organización de las antiguas posesiones de Ultramar
_v12
_9241781
852 _aES-MaACL
_jC-1973
999 _c184602
_d184602